| 000 | 00975nam a2200277 a 4500 | ||
|---|---|---|---|
| 001 | BRCA_3864 | ||
| 005 | 20190320204443.0 | ||
| 008 | 171209s1927----mx-a######---#000-0#spa-# | ||
| 041 | _aspa | ||
| 044 | _amx | ||
| 050 | 4 |
_aF1386 _b.G66 1927 |
|
| 100 | 1 |
_aGonzález Obregón, Luis _99108 |
|
| 245 | 1 | 0 |
_aLas calles de México _cLuis González Obregón ; prólogo y elogios de Carlos González Peña, Rafael López y Artemio del Valle Arizpe. |
| 260 |
_aMéxico _bLeón Sánchez _c1927 |
||
| 300 |
_a2 v. _bil. _c18 cm. |
||
| 500 | _aLa biblioteca solo cuenta con el v.1 | ||
| 500 | _aC23 | ||
| 505 | 0 | _aContenido: v.l. Leyendas y sucedidos. -- v.2. Vida y costumbres de otros tiempos | |
| 651 | 4 |
_aMéxico (Ciudad) _xDescripción _96858 |
|
| 651 | 4 |
_aMéxico (Ciudad) _xVida social y costumbres _910060 |
|
| 700 | 1 |
_aGonzález Peña, Carlos _910061 |
|
| 700 | 1 |
_aLópez, Rafael _910062 |
|
| 700 | 1 |
_aValle Arizpe, Artemio del _910063 |
|
| 902 | _aGFM | ||
| 942 |
_2lcc _cB |
||
| 999 |
_c3592 _d3592 |
||